000 00885nam a2200253Ia 4500
003 OSt
005 20220923224802.0
006 a|||||r|||| 00| 0
007 ta
008 220922b |||||||| |||| 00| 0 hin d
024 _a250,213
037 _cTextual
040 _aARTS
_cARTS
_bhin
041 _2hin
_ahin
082 _aO15,2D40:g, 152P4
100 _aत्रिपाठी, उमारानी
245 0 _aमहाकवि कालिदास की दार्शनिकता
246 _ahinākavi kālidās kī dārshanikatā
260 _aमेरठ
_b राहुल पब्लिशिंग हाऊस
_c2004
300 _a259पृ.
_ccm.
650 _aसंस्कृत साहित्य
942 _hO15,2D40:g, 152P4
_cTEXL
_2CC
999 _c373633
_d373633